| 000 | 01968cam a2200349 a 4500 | ||
|---|---|---|---|
| 001 | 226973663 | ||
| 003 | OCoLC | ||
| 005 | 20180607155421.0 | ||
| 008 | 080418s2008 enk b 001 0 eng | ||
| 020 | _a9781842275726 | ||
| 020 | _a1842275720 | ||
| 035 | _a(OCoLC)226973663 | ||
| 040 |
_aUKM _cUKM _dBWK _dYDXCP _dWTS _dOCLCQ _dSOR _dNDD _dEXN |
||
| 042 | _aukscp | ||
| 049 | _aEXNs | ||
| 100 | 1 | _aGarcia, Mark A. | |
| 245 | 1 | 0 |
_aLife in Christ : _bunion with Christ and twofold grace in Calvin's theology / _cMark A. Garcia ; foreword by David F. Wright. |
| 260 |
_aMilton Keynes ; _aColorado Springs, CO : _bPaternoster, _cc2008. |
||
| 300 |
_axxiii, 356 p. ; _c24 cm. |
||
| 336 | _atext | ||
| 337 | _aunmediated | ||
| 338 | _avolume | ||
| 440 | 0 | _aStudies in Christian history and thought. | |
| 500 | _aPublication based on the thesis (Ph. D.)--University of Edinburgh, 2004. | ||
| 504 | _aIncludes bibliographical references (p. [289]-340) and indexes. | ||
| 505 | 0 | _aCalvin, union with Christ, and the Duplex gratia : paradigms of interpretation and methodological considerations -- Union with Christ and saving righteousness : anticipations, proposals, and trajectories -- In Christ, like Christ : union with Christ, good works and replication in Calvin's Romans -- Christ and the spirit : sacraments, salvation, and the strata of union with Christ -- Applied christology : Calvin versus Osiander in light of the Eucharistic controversy -- A witness to Calvin's Paulism : 1539 Institutio marginalia to chapter six, "On justification by faith and works of merit" -- Calvin, Vermigli, and the strata of union with Christ : a closer look at their 1555 correspondence. | |
| 600 | 1 | 0 |
_aCalvin, Jean, _d1509-1564. |
| 650 | 0 |
_aMystical union _xHistory of doctrines _y16th century. |
|
| 650 | 0 |
_aJustification (Christian theology) _xHistory of doctrines _y16th century. |
|
| 650 | 0 |
_aSanctification _xHistory of doctrines _y16th century. |
|
| 942 |
_2lcc _cBK |
||
| 999 |
_c42465 _d42465 |
||